| 000 | 01349cam a2200301 a 4500 | ||
|---|---|---|---|
| 003 | EG-GiCUC | ||
| 008 | 111009s2008 ly a g 000 0 ara d | ||
| 017 |
_a2008 / 607 _bليبيا . دار الكتب الوطنية |
||
| 020 | _a9789959262646 | ||
| 040 |
_aEG-GiCUC _bara _cEG-GiCUC |
||
| 092 | 0 | 4 |
_a382.92 _bK455 _221 |
| 099 |
_a04 _a382.92 K455 |
||
| 100 | 1 | _aخشيم : مصطفى عبد الله ابو القاسم | |
| 245 | 1 | 0 |
_aمنظمة التجارة العالمية : _bالنظرية والتطبيق / _cمصطفى عبدالله ابوالقاسم خشيم |
| 246 | 2 | 1 | _aThe world trade organization theory and practice |
| 250 | _aط1 | ||
| 260 |
_aليبيا : بنغازى : _bالمركز العالمى لدراسات وابحاث الكتاب الاخضر : _c2008 |
||
| 300 |
_a317ص : _bايض ؛ _cسم24 |
||
| 504 | _aيشتمل على ارجاعات ببليوجرافية(ص291-303 | ||
| 610 | 2 | 0 | _aمنظمة التجارة العالمية |
| 650 | 7 |
_aالاتفاقيات التجارية _2qrmak |
|
| 650 | 7 |
_aالتجارة الخارجية _2qrmak |
|
| 902 | _a1 | ||
| 905 |
_aاميرة _eمدخل |
||
| 905 |
_aجيهان _eمراجع |
||
| 942 |
_2ddc _cBK |
||
| 999 |
_c123169 _d123169 |
||